000 00967cab a2200253 4500
001 X91179
008 090401t1999 xxu||||| |||| 00| 0 eng d
035 _a(Sirsi) u91179
041 _aeng
100 _aBarling, A.
245 _aEU rest regulations spell trouble for workaholics
260 _c1999
350 _a0
490 _aCSM
_bChartered Surveyor Monthly
_v8(6) February 1999, 45(1)
520 _aAs well as an average weekly working time limit of 48 hours, the Working Time Regulations 1998 also contained rules on daily and weekly rest periods. This article summarises the main provisions of the Regulations relating to rest periods and examines the implications for surveying practices.
650 _aEMPLOYMENT LAW
650 _aREST PERIODS
650 _aSURVEYING PRACTICES
650 _aWORKING PRACTICES
650 _aWORKING TIME REGULATIONS 1998
690 _aOFFICE SERVICES AND ADMINISTRATION
942 _n0
948 _c09/02/1999
999 _c57857
_d57857